The law of torts / (Record no. 100539)

MARC details
000 -LEADER
fixed length control field 00634nam a22002177a 4500
005 - DATE AND TIME OF LATEST TRANSACTION
control field 20160628163533.0
010 ## - LCCN (DPL NO)
LC control number ENG-115327
020 ## - INTERNATIONAL STANDARD BOOK NUMBER
International Standard Book Number 9789351438717
Terms of availability 2495.00
035 ## - SYSTEM CONTROL NUMBER
System control number EN-98859
037 ## - SOURCE OF ACQUISITION
Source of stock number/acquisition DBAD/PUB
082 ## - DEWEY DECIMAL CLASSIFICATION NUMBER
Classification number 346.03
100 ## - MAIN ENTRY--PERSONAL NAME
Personal name Ratan Lal
245 ## - TITLE STATEMENT
Title The law of torts /
Statement of responsibility, etc by Ratan Lal [and] Dhiraj Lal
250 ## - EDITION STATEMENT
Edition statement 27th edition
260 ## - PUBLICATION, DISTRIBUTION, ETC. (IMPRINT)
Place of publication, distribution, etc Gurgaon
Name of publisher, distributor, etc LexisNexis
Date of publication, distribution, etc 2016
270 ## - ADDRESS
Address 14th floor,Buiding N0-10,Tower-B,DLF Cyber City,Phase-II
City Gurgaon
Postal code 122002
300 ## - PHYSICAL DESCRIPTION
Extent xxxix,901p.
Dimensions 24cm(Hb)
500 ## - GENERAL NOTE
General note Includes Index
700 ## - ADDED ENTRY--PERSONAL NAME
Personal name Dhiraj Lal
942 ## - ADDED ENTRY ELEMENTS (KOHA)
Source of classification or shelving scheme Dewey Decimal Classification
Item type English Books
Call number suffix RAT
Classification part 346.03
Holdings
Withdrawn status Lost status Not for loan Collection code Home library Current library Date acquired Source of acquisition Cost, normal purchase price Full call number Barcode Copy number Cost, replacement price Koha item type
    Not For Loan Non-fiction D.B.Act.Division D.B.Act.Division 20/06/2016 DBAD/PUB 2495.00 346.03 RAT EN-98859 1 2495.00 English Books

© Delhi Public Library
Hit Counter
free hit counter